Housing Economics

Enregistré dans:
Détails bibliographiques
Auteur principal: Fallis, George
Format: Livre
Langue:anglais
Publié: Toronto Butterworths 1985
Édition:1. ed.
Tags: Ajouter un tag
Pas de tags, Soyez le premier à ajouter un tag!

MARC

LEADER 00000nam a2200000 4500
001 c026008
005 20221220075451.0
041 0 |a eng 
044 |a CA 
245 1 0 |a Housing Economics  |c George Fallis 
250 |a 1. ed. 
264 1 |a Toronto  |b Butterworths  |c 1985 
300 |a 241 s. 
100 1 |a Fallis, George